000
00268nam a2200109Ia 4500
001
1272412
005
20260417151428.0
008
260417s9999 xx 000 0 und d
020
_a
9786255998033
245
0
_a
Kızıl Küre
_c
Zübeyir Tokgöz
260
_b
Ketebe Genç
999
_c
1272412
_d
1272412